• 首页
  • 本馆介绍
  • 公告通知
  • 最新文献
  • 馆藏检索
  • 电子资源
  • 读者导购
  • 参考咨询
  • 我的图书馆
  • 登录
  • 详细信息显示
  • 放入我的书架
  • 预约/预借图书
  • 作者相关作品
  • 分类相关作品
  • 丛书相关作品
  • 出版社相关作品

书目信息

  • 表格格式
  • 工作单格式
  • 卡片格式
题名:
中国少数民族婚俗
    
 
作者: 祁春英 编著
分册:  
出版信息: 北京   中国画报出版社  2004
页数: 136页
开本: 20cm
丛书名: 二十一世纪中国少数民族系列丛书
单 册:
中图分类: K892.22
科图分类:
主题词: 少数民族风俗习惯 , 婚姻 , 少数民族风俗习惯--婚姻--中国
电子资源:
ISBN: 7-80024-699-X
000 00985oam2 2200277 450
001 002587171
005 20061101150956.28
010    @a7-80024-699-X@dCNY21.00
100    @a20040225d2004 em y0chiy0110 ea
101 0  @achi
102    @aCN@b110000
105    @aa z 000yy
200 1  @a中国少数民族婚俗@9zhong guo shao shu min zu hun su@f祁春英编著
210    @a北京@c中国画报出版社@d2004
215    @a136页@c照片,图@d20cm
225 2  @a二十一世纪中国少数民族系列丛书@v2
330    @a该书研究了各少数的婚姻礼俗,即蒙古族、回族、藏族、维吾尔族、苗族、彝族、壮族、布依族、朝鲜族、满族、侗族、瑶族、白族、土家族、哈尼族等。
461  0 @12001 @a二十一世纪中国少数民族系列丛书@v2
510 1  @aWedding Ceremonies of the Ethnic Groups in China@zeng
606 0  @a少数民族风俗习惯
606 0  @a婚姻
606 0  @a少数民族风俗习惯@x婚姻@y中国
690    @aK892.22@v4
701  0 @c(土族)@a祁春英@9qi chun ying@4编著
801  0 @aCN@bNLC@c20061101
905    @a10447@dK892.22@e111
    
    中国少数民族婚俗/祁春英编著.-北京:中国画报出版社,2004
    136页:照片,图;20cm.-(二十一世纪中国少数民族系列丛书;2)
    
    
    ISBN 7-80024-699-X:CNY21.00
    该书研究了各少数的婚姻礼俗,即蒙古族、回族、藏族、维吾尔族、苗族、彝族、壮族、布依族、朝鲜族、满族、侗族、瑶族、白族、土家族、哈尼族等。
●
相关链接 在E读中查询图书 在五车中查询图书 在当当中查询图书 在豆瓣中查询图书


正题名:中国少数民族婚俗     索取号:K892.22/111         预约/预借

序号 登录号 条形码 馆藏地/架位号 状态 备注
1 0387212   203872121   第二样本阅览室/ [索取号:K892.22/111] 在馆    
2 0387213   203872130   第二借阅区/ [索取号:K892.22/111] 在馆    
3 0387214   203872149   第二借阅区/ [索取号:K892.22/111] 在馆    
4 0387215   203872158   第二借阅区/ [索取号:K892.22/111] 在馆    
5 0387216   203872167   第二借阅区/ [索取号:K892.22/111] 在馆    
唐山师范学院图书馆 欢迎您!
大连网信软件有限公司© 版权所有